| 000 | 01190nam a2200349 i 4500 | ||
|---|---|---|---|
| 005 | 20220317000300.0 | ||
| 007 | ta | ||
| 008 | 210830r2007 sp a0 0b 00 d01 d | ||
| 020 | _a9788421698426 | ||
| 040 |
_aCO-BoRNBP _bspa _erda _cCO-BoRNBP |
||
| 041 | 0 | _aspa | |
| 082 | 0 | 4 |
_a401.4 _bD27 _223 |
| 084 | _a A DES12 | ||
| 245 | 0 | 0 |
_aDescubro las palabras _b6 divertidas solapas con sorpresas _cedición Isabel Carril ; traducción Virtudes Tardón |
| 250 | _aQuinta edición | ||
| 264 | 1 |
_aMadrid _bBruño _c2007 |
|
| 300 |
_a[12] páginas sin numerar _bilustraciones _c13 cm |
||
| 336 |
_atexto _btxt _2rdacontent |
||
| 337 |
_asin mediación _bn _2rdamedia |
||
| 338 |
_avolumen _bnc _2rdacarrier |
||
| 490 | _aPara pequeñitos | ||
| 500 | _aContiene hojas plegables | ||
| 521 | _aRecomendado para un público infantil mayor de 3 años | ||
| 534 | _tFlip flaps words in my world | ||
| 650 | 1 | 7 |
_aÁlbumes infantiles _vSiglo XXI _2LEMB |
| 650 | 1 | 7 |
_aLiteratura infantil _vSiglo XXI _2LEMB |
| 650 | 1 | 7 |
_aPalabras _xÁlbum _2LEMB |
| 650 | 1 | 7 |
_aCasa _xÁlbum _2LEMB |
| 700 | 1 |
_aCarril, Isabel _eeditora _9186382 |
|
| 700 | 1 |
_aTardón, Virtudes _etraductora _9186383 |
|
| 942 |
_2loc _cBKLIT |
||
| 999 |
_c3612 _d3612 |
||